NHLPlayers 22-23 Season - Atlantic Division - Statistics

General Stats
  • This quiz has been taken 27 times
  • The average score is 67 of 268
Answer Stats
Team Name # Player's Name % Correct
63 Brad Marchand
86%
22 Cole Caufield
86%
88 David Pastrnak
86%
19 Matthew Tkachuk
86%
16 Mitch Marner
86%
34 Auston Matthews
82%
7 Brady Tkachuk
82%
14 Nick Suzuki
82%
91 John Tavares
77%
37 Patrice Bergeron
77%
91 Steven Stamkos
77%
16 Aleksander Barkov
73%
21 Brayden Point
73%
73 Charlie McAvoy
73%
⬇️ Boston Bruins ⬇️ 1 Jeremy Swayman
73%
6 Mike Reilly
73%
44 Morgan Reilly
73%
86 Nikita Kucherov
73%
77 Victor Hedman
73%
88 Andrei Vasilevskiy
68%
41 Craig Anderson
68%
71 Dylan Larkin
68%
17 Josh Anderson
68%
35 Linus Ullmark
68%
88 William Nylander
64%
11 Brendan Gallagher
59%
98 Mikhail Sergachev
59%
35 Samuel Montembeault
59%
72 Tage Thompson
59%
35 Ilya Samsonov
55%
34 Jake Allen
55%
25 Owen Power
55%
26 Rasmus Dahlin
55%
72 Thomas Chabot
55%
53 Jeff Skinner
50%
3 Justin Holl
50%
77 Kirby Dach
50%
53 Moritz Seider
50%
72 Sergei Bobrovsky
50%
5 Aaron Ekblad
45%
12 Alex DeBrincat
45%
⬇️ Tampa Bay Lightning ⬇️ 1 Brian Elliot
45%
13 Charlie Coyle
45%
46 David Krejci
45%
74 Jake DeBrusk
45%
18 Jordie Benn
45%
60 Joseph Woll
45%
23 Lucas Raymond
45%
58 Michael Bunting
45%
18 Tim Stutzle
45%
59 Tyler Bertuzzi
45%
89 Alex Tuch
41%
23 Carter Verhaeghe
41%
64 David Kampf
41%
21 Kyle Okposo
41%
23 Matthew Knies
41%
30 Matt Murray
41%
8 Mike Matheson
41%
89 Nicholas Robertson
41%
20 Nick Paul
41%
90 Ryan O'Reilly
41%
13 Sam Reinhart
41%
10 Anthony Duclair
36%
19 Calle Jarnkrok
36%
10 Corey Perry
36%
58 David Savard
36%
27 Devon Levi
36%
19 Drake Batherson
36%
54 Givani Smith
36%
71 Jake Evans
36%
22 Jake McCabe
36%
40 Joel Armia
36%
9 Josh Norris
36%
21 Kaiden Guhle
36%
55 Mark Giordano
36%
9 Sam Bennet
36%
30 Spencer Knight
36%
78 T.J. Brodie
36%
31 Anton Forsberg
32%
72 Arber Xhekaj
32%
⬇️ Ottawa Senators ⬇️ 2 Artem Zub
32%
⬇️ Montreal Canadiens ⬇️ 6 Chris Wideman
32%
24 Dylans Cozens
32%
27 Hampus Lindholm
32%
54 Jordan Harris
32%
19 Peyton Krebs
32%
7 Radko Gudas
32%
49 Rafael Harvey-Pinard
32%
91 Sean Monahan
32%
37 Timothy Liljegren
32%
11 Trent Frederic
32%
35 Ville Husso
32%
15 Alex Kerfoot
27%
71 Anthony Cirelli
27%
25 Brandon Carlo
27%
38 Brandon Hagel
27%
62 Brandon Montour
27%
28 Christian Dvorak
27%
28 Claude Giroux
27%
31 Eric Comrie
27%
8 Jake Muzzin
27%
56 Jesse Ylonen
27%
90 Joe Veleno
27%
⬇️ Detroit Red Wings ⬇️ 2 Olli Maatta
27%
14 Patrick Maroon
27%
71 Taylor Hall
27%
28 Zemgus Girgensons
27%
17 Alexander Killorn
23%
39 Alex Nedeljkovic
23%
18 Andrew Copp
23%
33 Cameron Talbot
23%
75 Connor Clifton
23%
57 David Perron
23%
27 Eetu Luostarinen
23%
12 Eric Staal
23%
81 Erik Cernak
23%
42 Gustav Forsling
23%
85 Jake Sanderson
23%
6 Jakob Chychrun
23%
26 Johnathan Kovacevic
23%
77 John Peterka
23%
27 Jonathan Drouin
23%
52 Justin Barron
23%
18 Marc Staal
23%
23 Mattias Samuelsson
23%
18 Pavel Zacha
23%
71 Victor Olofsson
23%
24 Wayne Simmonds
23%
34 Alex Lyon
18%
15 Anton Lundell
18%
8 Ben Chiarot
18%
37 Casey Mittelstadt
18%
6 Colin White
18%
81 Dominik Kubalik
18%
22 Jack Quinn
18%
96 Jake Walman
18%
94 Jakub Lauko
18%
67 Jakub Zboril
18%
⬇️ Toronto Maple Leafs ⬇️ 2 Luke Schenn
18%
21 Mathieu Joseph
18%
48 Matt Grzelcyk
18%
55 Michael Pezzetta
18%
27 Michael Rasmussen
18%
21 Nick Cousins
18%
48 Nick Perbix
18%
52 Noel Acciari
18%
41 Pierre-Edouard Bellemare
18%
28 Sam Lafferty
18%
57 Shane Pinto
18%
84 Tanner Jeannot
18%
24 Zach Bogosian
18%
73 Adam Erne
14%
10 A.J. Greer
14%
16 Austin Watson
14%
74 Bobby McMann
14%
30 Cayden Primeau
14%
25 Conor Timmins
14%
81 Dmitri Orlov
14%
85 Elmer Soderblom
14%
26 Eric Brannstrom
14%
56 Erik Gustafson
14%
11 Filip Zadina
14%
46 Ilya Lyubushkin
14%
44 Joel Edmundson
14%
52 Jonatan Berggren
14%
40 Mads Sogaard
14%
23 Michael Eyssimont
14%
68 Mike Hoffman
14%
32 Rem Pitlick
14%
14 Robby Fabbri
14%
94 Ryan Lomberg
14%
⬇️ Buffalo Sabres ⬇️ 1 Ukko-Pekka Luukkonen
14%
12 Alex Barre-Boulet
9%
48 Alex Chiasson
9%
21 Austin Czarnik
9%
4 Casey Fitzgerald
9%
43 Darren Raddysh
9%
28 Derek Forbort
9%
50 Erik Kallgren
9%
21 Garnet Hathaway
9%
14 Grigori Denisenko
9%
28 Gustav Lindstrom
9%
10 Henri Jokiharju
9%
28 Josh Mahura
9%
43 Kyle Clifford
9%
60 Lassi Thomson
9%
45 Magnus Hellberg
9%
92 Marco Kasper
9%
17 Nick Foligno
9%
38 Patrick Brown
9%
24 Pius Suter
9%
29 Pontus Holmberg
9%
38 Robert Hagg
9%
79 Ross Colton
9%
22 Rudolfs Balcers
9%
3 Simon Edvinsson
9%
17 Tyson Jost
9%
29 Vinny Hinostroza
9%
12 Zachary Aston-Reese
9%
60 Alex Belzile
5%
90 Anthony Richard
5%
67 Chris Tierney
5%
64 Corey Schueneman
5%
25 Denis Gurianov
5%
61 Derick Brassard
5%
27 Dylan Gambrell
5%
75 Egor Sokolov
5%
82 Frederic Allard
5%
82 Gabriel Fortier
5%
7 Haydn Fleury
5%
28 Ian Cole
5%
24 Jacob Bernard-Docker
5%
78 Jacob Bryson
5%
36 Jake Lucchini
5%
40 Jett Alexander
5%
38 Joel Teasdale
5%
12 Jordan Greenway
5%
82 Jordan Oesterle
5%
70 Kevin Mandolese
5%
73 Lucas Condotta
5%
13 Lukas Rousek
5%
47 Mark Kastelic
5%
22 Matt Luff
5%
26 Nick Abruzzese
5%
5 Nick Holden
5%
62 Oskar Steen
5%
45 Parker Kelly
5%
70 Patric Hornqvist
5%
5 Philippe Myers
5%
61 Riler Stillman
5%
8 Riley Sheahan
5%
57 Sean Farrell
5%
25 Taro Hirose
5%
23 Travis Hamonic
5%
98 Victor Mete
5%
22 Zac Dalpe
5%
20 Aleksi Heponiemi
0%
46 Alex Steeves
0%
76 Anton Levtchi
0%
86 Anton Stralman
0%
14 Chris Wagner
0%
45 Cole Koepke
0%
58 Connor Carrick
0%
44 Daniel Renouf
0%
29 Dillion Heatherington
0%
20 Dryden Hunt
0%
34 Dylan Ferguson
0%
82 Filip Kral
0%
32 Jacob Larsson
0%
4 Jeremy Davies
0%
45 Joona Koppanen
0%
77 Julien Gauthier
0%
20 Juraj Slakovsky
0%
38 Kale Clague
0%
20 Lawrence Pilut
0%
35 Leevi Merilainen
0%
32 Lucas Carlsson
0%
81 Mac Hollowell
0%
26 Marc McLaughlin
0%
⬇️ Florida Panthers ⬇️ 3 Matthew Kiersted
0%
50 Maxence Guenette
0%
62 Owen Beck
0%
17 Ridly Greig
0%
67 Rourke Chartier
0%
85 Semyon Der-Arguchintsev
0%
92 Tomas Nosak
0%
43 Tyler Kleven
0%
95 Vinni Lettieri
0%
No matching quizzes found
Score Distribution
Percent of People with Each Score
Percentile by Number Answered
Your Score History
You have not taken this quiz